000 00748nam a2200229Ia 4500
001 3143
003 GE_BSU
008 181216s||||||||xx |||||||||||||| ||und||
040 _cGE_BSU
080 _a621.314(075.8)
100 _aАстахов,Н.В. Лопухина,Н.В. Медведев,В.Т. и др.
245 _aИспытание электрических микромашин.
245 _bУчебн.пособие.
245 _cПод.ред.Н.В.Астахова.
250 _aИзд 2-ое, перераб.и доп.
260 _aМ.
260 _bВысш. школа.
260 _c1984.
300 _a272стр.илл.
653 _aИспытание электрических микромашин.
942 _cBK
999 _c37187
_d37187